| 000 | 00416nam a2200145Ia 4500 | ||
|---|---|---|---|
| 008 | 230917s9999||||xx |||||||||||||| ||und|| | ||
| 040 |
_e212624 _aMAIN |
||
| 041 | _aEnglish | ||
| 082 | _a660.6024574 M576M | ||
| 100 | _aMeyers, Robert A, ed. | ||
| 245 | 0 | _aMolecular biology and biotechnology: A comprehensive desk reference | |
| 260 |
_aNew Delhi _bWiley India _c2011 |
||
| 300 | _axxxviii, 1034 p. | ||
| 942 | _cBK | ||
| 999 |
_c175169 _d175169 |
||